000 00848nam a2200265Ia 4500
001 21986
005 20260320113331.0
008 260320s9999||||xx |||||||||||||| ||und||
020 _a9789681661830
041 _aESP
082 _a658.3145
_bL724
100 _aLlano Cifuentes, Carlos,
_eAUT
245 0 _aLa amistad en la empresa
_b
246 _a
_5
_b
250 _aPrimera edición, tercera reimpresión
260 _aMéxico, D. F. :
_bFondo de Cultura Económica,
_c2012
300 _a270 páginas :
_b
_c21 cm.
_e
440 _a
_n
_v
650 _aTCA
653 _aRelaciones humanas; Empresas
654 _aCAN
700 _a
_c
856 _uhttps://0u20vmuvj-y-https-ebookcentral-proquest-com.itmsp.museknowledge.com/lib/catolicasp/home.action
_zVéase además: Base de datos ProQuest Ebook Central
942 _cLIB
_dJUS
_fMAT
_2ddc
_n
999 _c21986
_d21986